000 00480nam a2200181Ia 4500
001 4947
005 20260306145832.0
008 260306t1997||||xx |||||||||||||| ||spa||
041 _aESP
082 _a332.042
_bF67
100 _aFrench-Davis, Ricardo (Comp.)
_eAUT
245 0 _aFlujos de capital e inversión productiva:
_blecciones para América Latina
260 _c1997
300 _a242 páginas :
_c24 cm.
650 _aGEN
654 _aCAN
942 _cLIB
_dJUS
_fJUS
_2ddc
_n
999 _c4947
_d4947